[Event "Krasnodar Region-ch op"]
[Site "Krasnodar"]
[Date "2008.10.??"]
[Round "7"]
[White "Semin, Vladimir"]
[Black "Chernyshov, Maxim"]
[Result "1-0"]
[WhiteElo "1861"]
[BlackElo "1990"]
[PlyCount "67"]
[EventDate "2008.10.18"]
[EventType "swiss"]
[EventRounds "9"]
[EventCountry "RUS"]
[SourceTitle "EXT 2022"]
[Source "ChessBase"]
[SourceDate "2021.10.06"]
[SourceVersion "1"]
[SourceVersionDate "2021.10.06"]
[SourceQuality "1"]

1. e4 c5 2. Nf3 Nc6 3. Bb5 d6 4. 0-0 Bd7 5. d3 g6 6. c3 Bg7 7. Nbd2 Nf6 8. h3 0-0 9. Nh2 a6 10. Bxc6 Bxc6 11. f4 b5 12. f5 Qb6 13. Kh1 Nh5 14. Qg4 d5 15. Rf3 Rad8 16. Ndf1 dxe4 17. dxe4 Nf6 18. Qh4 Bxe4 19. fxg6 Bxg6 20. Bh6 Rd5 21. Bxg7 Kxg7 22. Ng3 b4 23. c4 Rd4 24. Qg5 Kh8 25. b3 Rg8 26. Qe5 Qd6 27. Re1 Qxe5 28. Rxe5 Ne4 29. Ng4 h5 30. Nh6 h4 31. Nxf7+ Kh7 32. Nxe4 Bxe4 33. Rf2 Ba8 34. Rxe7 1-0